Italian khana dinner party / (Record no. 48253)

MARC details
000 -LEADER
fixed length control field 00956cam a2200253 a 4500
005 - DATE AND TIME OF LATEST TRANSACTION
control field 20031230185550.0
008 - FIXED-LENGTH DATA ELEMENTS--GENERAL INFORMATION
fixed length control field 940308s1993 enkab b 001 0 eng
010 ## - LCCN (DPL NO)
LC control number ENG-101646
020 ## - INTERNATIONAL STANDARD BOOK NUMBER
Terms of availability 150.00
International Standard Book Number 9788184001020
035 ## - SYSTEM CONTROL NUMBER
System control number EN-85179
037 ## - SOURCE OF ACQUISITION
Source of stock number/acquisition DBAD/PUB
040 ## - CATALOGING SOURCE
Original cataloging agency dpl
Language of cataloging Eng
082 ## - DEWEY DECIMAL CLASSIFICATION NUMBER
Classification number 641.5
100 1# - MAIN ENTRY--PERSONAL NAME
9 (RLIN) 22405
Personal name Dalmia, Ritu
245 10 - TITLE STATEMENT
Title Italian khana dinner party /
Statement of responsibility, etc by Ritu Dalmia with Hindi translations by Shoba Sinha ; photographs by Sephi Bergerson [and] Anshika Verma
260 ## - PUBLICATION, DISTRIBUTION, ETC. (IMPRINT)
Place of publication, distribution, etc Noida
Name of publisher, distributor, etc Random House India
Date of publication, distribution, etc 2010
270 ## - ADDRESS
Address Mind Mill Corporate Tower, 2nd Floor, Plot No 24A Sector 16A,
City Noida
Postal code 201301
300 ## - PHYSICAL DESCRIPTION
Extent 119p.:
Dimensions 17cm (pbk)
Other physical details ill
650 #0 - SUBJECT ADDED ENTRY--TOPICAL TERM
9 (RLIN) 22448
651 ## - SUBJECT ADDED ENTRY--GEOGRAPHIC NAME
9 (RLIN) 22481
700 ## - ADDED ENTRY--PERSONAL NAME
9 (RLIN) 22431
Personal name Sinha, Shoba
942 ## - ADDED ENTRY ELEMENTS (KOHA)
Source of classification or shelving scheme Dewey Decimal Classification
Item type English Books
Call number suffix DAL
Classification part 641.5
Holdings
Withdrawn status Lost status Source of classification or shelving scheme Damaged status Not for loan Collection code Home library Current library Date acquired Source of acquisition Cost, normal purchase price Total Checkouts Full call number Barcode Date last seen Copy number Cost, replacement price Koha item type
    Dewey Decimal Classification   Not For Loan Non-fiction D.B.Act.Division D.B.Act.Division 07/10/2010 DBAD/PUB 150.00   641.5 DAL EN-85179 07/10/2010 1 150.00 English Books

© Delhi Public Library
Hit Counter
free hit counter